| 000 | 00404cam a22001217a 4500 | ||
|---|---|---|---|
| 008 | 180718b1857 xxu||||| |||| 00| 0 eng d | ||
| 082 | _aA6x5434 R137 | ||
| 100 | _aKhadgawat, Nathu Ram | ||
| 245 |
_aRajasthan's role in the struggle of 1857 _cby Nathu Ram Khadgawat |
||
| 260 |
_aJaipur _bGeneral Administration Department _c1857 |
||
| 300 | _a198+p. | ||
| 700 | _aRajasthan. General Administration Department | ||
| 999 |
_c487486 _d487486 |
||